00381nam a2200157Ia 4500008004100000020001800041041000800059082001500067100001700082245002900099250001300128260001800141300000800159365001600167700004000183230718s9999 xx 000 0 und d a9789353067038 aeng a658.3bROB aRobbins S.P. aOrganizational Behavior  a18th ed. c2019bPearson a740 cRs.b949.00 aRobbins S.P.; Judge T.A. & Vohra N.